[Event "Asian Continental op (Women) 14th"]
[Site "Al Ain"]
[Date "2015.08.08"]
[Round "7"]
[White "Li, Yunshan"]
[Black "Mir Mahmoud, Afamia"]
[Result "1-0"]
[WhiteElo "1835"]
[BlackElo "1949"]
[PlyCount "89"]
[EventDate "2015.08.02"]
[EventType "swiss"]
[EventRounds "9"]
[EventCountry "UAE"]
[SourceTitle "CBM 167 Extra"]
[Source "ChessBase"]
[SourceDate "2015.09.14"]
[SourceVersion "1"]
[SourceVersionDate "2015.09.14"]
[SourceQuality "1"]

1. d4 d5 2. c4 e6 3. Nf3 Nf6 4. g3 Be7 5. Bg2 0-0 6. Qc2 c6 7. 0-0 b6 8. b3 Bb7 9. Nbd2 Nbd7 10. e4 dxe4 11. Nxe4 Nxe4 12. Qxe4 Nf6 13. Qe2 c5 14. Rd1 cxd4 15. Nxd4 Qc8 16. Bf4 Bxg2 17. Kxg2 Qb7+ 18. Qf3 Qxf3+ 19. Kxf3 Rfd8 20. Nc6 Rxd1 21. Rxd1 Kf8 22. Be5 Ke8 23. g4 g6 24. Nxe7 Kxe7 25. Bxf6+ Kxf6 26. Rd7 e5 27. Ke3 h5 28. gxh5 gxh5 29. f4 Ke6 30. Rc7 f6 31. Rh7 Rg8 32. fxe5 Kxe5 33. Rxh5+ f5 34. Rh7 Rg2 35. Rxa7 Rxh2 36. Ra6 Rh3+ 37. Kf2 Kf4 38. Rxb6 Rh2+ 39. Ke1 Rxa2 40. c5 Ke5 41. b4 f4 42. b5 Kd4 43. c6 Ke3 44. Ra6 Rb2 45. Ra3+ 1-0

[Event "Asian Continental op (Women) 14th"]
[Site "Al Ain"]
[Date "2015.08.07"]
[Round "6"]
[White "Mir Mahmoud, Afamia"]
[Black "Le, Kieu Thien Kim"]
[Result "0-1"]
[WhiteElo "1949"]
[BlackElo "2226"]
[PlyCount "48"]
[EventDate "2015.08.02"]
[EventType "swiss"]
[EventRounds "9"]
[EventCountry "UAE"]
[SourceTitle "CBM 167 Extra"]
[Source "ChessBase"]
[SourceDate "2015.09.14"]
[SourceVersion "1"]
[SourceVersionDate "2015.09.14"]
[SourceQuality "1"]

1. d4 Nf6 2. Nf3 d5 3. c4 e6 4. g3 dxc4 5. Bg2 a6 6. 0-0 Be7 7. Qc2 0-0 8. Rd1 Nbd7 9. a4 c5 10. Qxc4 b5 11. Qc2 Bb7 12. dxc5 Bxc5 13. axb5 Qb6 14. e3 axb5 15. Rxa8 Rxa8 16. Nc3 b4 17. Na4 b3 18. Qc4 Qb4 19. Qxb4 Bxb4 20. Nc3 Bxc3 21. bxc3 Ra1 22. Rf1 Ba6 23. Re1 Bd3 24. Bf1 Be4 0-1

[Event "Asian Continental op (Women) 14th"]
[Site "Al Ain"]
[Date "2015.08.05"]
[Round "4"]
[White "Mir Mahmoud, Afamia"]
[Black "Shamima, Akter Liza"]
[Result "0-1"]
[WhiteElo "1949"]
[BlackElo "2155"]
[PlyCount "62"]
[EventDate "2015.08.02"]
[EventType "swiss"]
[EventRounds "9"]
[EventCountry "UAE"]
[SourceTitle "CBM 167 Extra"]
[Source "ChessBase"]
[SourceDate "2015.09.14"]
[SourceVersion "1"]
[SourceVersionDate "2015.09.14"]
[SourceQuality "1"]

1. d4 d5 2. c4 dxc4 3. Nf3 Nf6 4. e3 e6 5. Bxc4 c5 6. 0-0 Nc6 7. Qe2 cxd4 8. Rd1 Be7 9. exd4 0-0 10. Nc3 Na5 11. Bd3 b6 12. Bg5 Bb7 13. Ne5 Nd5 14. Bxe7 Qxe7 15. Nxd5 Bxd5 16. Rac1 Rac8 17. Rc3 Rxc3 18. bxc3 g6 19. Be4 Bxe4 20. Qxe4 Rc8 21. Qe3 Nc4 22. Nxc4 Rxc4 23. Rd3 Qf6 24. Qe2 Qg5 25. Re3 Qb5 26. g3 Qc6 27. Qd3 Ra4 28. Qd2 Qc4 29. Rf3 Rxa2 30. Qc1 Qa6 31. Qf4 Ra1+ 0-1

[Event "Asian Continental op (Women) 14th"]
[Site "Al Ain"]
[Date "2015.08.03"]
[Round "2"]
[White "Sachdev, Tania"]
[Black "Mir Mahmoud, Afamia"]
[Result "1-0"]
[WhiteElo "2390"]
[BlackElo "1949"]
[PlyCount "85"]
[EventDate "2015.08.02"]
[EventType "swiss"]
[EventRounds "9"]
[EventCountry "UAE"]
[SourceTitle "CBM 167 Extra"]
[Source "ChessBase"]
[SourceDate "2015.09.14"]
[SourceVersion "1"]
[SourceVersionDate "2015.09.14"]
[SourceQuality "1"]

1. d4 d5 2. c4 e6 3. Nc3 Nf6 4. cxd5 exd5 5. Bg5 Be7 6. e3 0-0 7. Bd3 h6 8. Bf4 c6 9. Qc2 Bd6 10. Nge2 Re8 11. 0-0 Bxf4 12. Nxf4 Qd6 13. Rfe1 b6 14. Rab1 Bb7 15. b4 Nbd7 16. Nfe2 Rad8 17. Ng3 Nf8 18. Nf5 Qd7 19. a4 Ne6 20. a5 b5 21. f3 a6 22. Qf2 Nf8 23. Qg3 Ng6 24. Ne2 Bc8 25. Nf4 Qc7 26. Nxg6 Qxg3 27. Nge7+ Kf8 28. hxg3 Rxe7 29. Nxe7 Kxe7 30. Rbc1 Bd7 31. Bb1 Be8 32. Rcd1 Nh5 33. Kf2 g6 34. Rh1 Bd7 35. Rc1 Rh8 36. g4 Ng7 37. e4 Ne8 38. e5 Nc7 39. Ke3 g5 40. g3 Kf8 41. Bf5 Be8 42. f4 gxf4+ 43. gxf4 1-0

[Event "Muscat zt 3.1 (Women)"]
[Site "Muscat"]
[Date "2015.05.23"]
[Round "8"]
[White "Mir Mahmoud, Afamia"]
[Black "Zhu, Chen"]
[Result "0-1"]
[WhiteElo "1964"]
[BlackElo "2414"]
[PlyCount "64"]
[EventDate "2015.05.17"]
[EventType "tourn"]
[EventRounds "9"]
[EventCountry "OMN"]
[SourceTitle "CBM 166 Extra"]
[Source "ChessBase"]
[SourceDate "2015.06.18"]
[SourceVersion "1"]
[SourceVersionDate "2015.06.18"]
[SourceQuality "1"]

1. d4 d5 2. c4 c6 3. Nf3 Nf6 4. Nc3 a6 5. c5 Nbd7 6. Rb1 e5 7. e3 Qc7 8. b4 Be7 9. Be2 0-0 10. a4 exd4 11. exd4 Ne4 12. Nxe4 dxe4 13. Nd2 Nf6 14. Nc4 Nd5 15. Qb3 Be6 16. Bd2 Bf6 17. Be3 Rad8 18. 0-0 Bxd4 19. Bxd4 Nf4 20. Be3 Nxe2+ 21. Kh1 Rd3 22. Qc2 Nc3 23. Nb2 Nxb1 24. Nxd3 Na3 25. Qc3 exd3 26. Qxa3 Rd8 27. Qc3 Qd7 28. Bf4 Qd5 29. a5 d2 30. Rd1 Qe4 31. Be3 Bg4 32. Bg5 Bxd1 0-1

[Event "Muscat zt 3.1 (Women)"]
[Site "Muscat"]
[Date "2015.05.21"]
[Round "5"]
[White "Mir Mahmoud, Afamia"]
[Black "Hejazipour, Mitra"]
[Result "0-1"]
[WhiteElo "1964"]
[BlackElo "2312"]
[PlyCount "106"]
[EventDate "2015.05.17"]
[EventType "tourn"]
[EventRounds "9"]
[EventCountry "OMN"]
[SourceTitle "CBM 166 Extra"]
[Source "ChessBase"]
[SourceDate "2015.06.18"]
[SourceVersion "1"]
[SourceVersionDate "2015.06.18"]
[SourceQuality "1"]

1. d4 Nf6 2. Nf3 e6 3. g3 b5 4. Bg2 Bb7 5. Qd3 b4 6. c4 c5 7. 0-0 Qb6 8. Nbd2 cxd4 9. Nxd4 Bxg2 10. Kxg2 Na6 11. N2b3 Be7 12. Bg5 h6 13. Be3 Qb7+ 14. Kg1 Nc7 15. f3 0-0 16. Bf2 a5 17. e4 a4 18. Nd2 d6 19. Rad1 Rfd8 20. Qe2 Nd7 21. f4 Nc5 22. Rfe1 Bf8 23. N2f3 Re8 24. e5 d5 25. cxd5 Nxd5 26. Qb5 a3 27. Qxb7 Nxb7 28. b3 Nc3 29. Rd2 Red8 30. Rc2 Nc5 31. Ne2 N3e4 32. Bxc5 Bxc5+ 33. Kg2 Nc3 34. Nxc3 bxc3 35. Re4 Rd1 36. Rc4 Rad8 37. Rxc5 R1d2+ 38. Nxd2 cxd2 39. Rc1 dxc1Q 40. Rxc1 Rd2+ 41. Kg1 Rxa2 42. Rc8+ Kh7 43. Ra8 Kg6 44. b4 Kf5 45. b5 Ke4 46. b6 Kf3 47. h4 Kxg3 48. Kf1 Ra1+ 49. Ke2 a2 50. b7 Rb1 51. Rxa2 Rxb7 52. Ra4 Kxh4 53. Kf3 Kh5 0-1

[Event "Muscat zt 3.1 (Women)"]
[Site "Muscat"]
[Date "2015.05.20"]
[Round "4"]
[White "Al Rufaye, Iman Hasan Mohammed"]
[Black "Mir Mahmoud, Afamia"]
[Result "1-0"]
[WhiteElo "2094"]
[BlackElo "1964"]
[PlyCount "165"]
[EventDate "2015.05.17"]
[EventType "tourn"]
[EventRounds "9"]
[EventCountry "OMN"]
[SourceTitle "CBM 166 Extra"]
[Source "ChessBase"]
[SourceDate "2015.06.18"]
[SourceVersion "1"]
[SourceVersionDate "2015.06.18"]
[SourceQuality "1"]

1. e4 c6 2. d4 g6 3. Nf3 Bg7 4. Bd3 d6 5. 0-0 Nf6 6. Nc3 Nbd7 7. Re1 e5 8. dxe5 dxe5 9. h3 0-0 10. Bc4 b5 11. Bf1 Qe7 12. a3 a5 13. b3 Rd8 14. Bb2 Rb8 15. Qc1 h6 16. Nd1 Ne8 17. Qe3 Nc5 18. b4 axb4 19. axb4 Na4 20. Ba3 Be6 21. Nb2 Nb6 22. Qc5 Qxc5 23. bxc5 Nd7 24. Bb4 Ra8 25. c4 bxc4 26. Nxc4 Rxa1 27. Rxa1 Rb8 28. Nb6 Nxb6 29. cxb6 Rxb6 30. Bc3 f6 31. Ba5 Rb8 32. Rc1 Bd7 33. Bc4+ Kh7 34. Bf7 Rb7 35. Rd1 Bf8 36. Rxd7 Rxd7 37. Bxe8 Ra7 38. Bb6 Ra1+ 39. Kh2 c5 40. Bf7 Kg7 41. Bd5 Rb1 42. Ba5 Ra1 43. Bc3 Rc1 44. Bd2 Rc2 45. Bb3 Rb2 46. Bc4 Rc2 47. Bd3 Ra2 48. Be3 Ra3 49. Bc4 Rc3 50. Be6 Ra3 51. Nd2 Ra6 52. Bc4 Ra4 53. g4 g5 54. Kg2 Be7 55. Kf3 Kf8 56. Ke2 Ra1 57. Nb3 Rh1 58. Kf3 Rxh3+ 59. Kg2 Rh4 60. f3 h5 61. Bf2 hxg4 62. Bxh4 gxf3+ 63. Kxf3 gxh4 64. Kg4 Kg7 65. Nd2 Kg6 66. Nf3 f5+ 67. exf5+ Kf6 68. Nxh4 Bd6 69. Bd5 Bc7 70. Nf3 Ke7 71. Nd2 Kd6 72. Bc4 Bd8 73. Ne4+ Kc6 74. Kh5 Kb6 75. f6 Bxf6 76. Nxf6 e4 77. Kg4 Ka5 78. Nd5 Ka4 79. Kf4 Ka3 80. Kxe4 Kb2 81. Kd3 Kc1 82. Bb5 Kb2 83. Kc4 1-0

[Event "SYR-ch"]
[Site "Damascus"]
[Date "2015.05.02"]
[Round "3"]
[White "Koniahli, Malek"]
[Black "Mir Mahmoud, Afamia"]
[Result "1-0"]
[WhiteElo "1867"]
[BlackElo "1964"]
[PlyCount "57"]
[EventDate "2015.04.30"]
[EventType "swiss"]
[EventRounds "9"]
[EventCountry "SYR"]
[SourceTitle "CBM 166 Extra"]
[Source "ChessBase"]
[SourceDate "2015.06.18"]
[SourceVersion "1"]
[SourceVersionDate "2015.06.18"]
[SourceQuality "1"]

1. e4 d6 2. d4 Nf6 3. Nc3 g6 4. Nf3 Bg7 5. Bc4 0-0 6. Qe2 c6 7. a4 Qc7 8. h3 Nbd7 9. e5 Nd5 10. Bxd5 cxd5 11. e6 Nf6 12. Ng5 Ne4 13. Ncxe4 dxe4 14. exf7+ Kh8 15. Qxe4 Bf5 16. Qh4 h6 17. 0-0 e5 18. Bd2 Qc4 19. Be3 Rac8 20. Ne4 Bxe4 21. Bxh6 Rxf7 22. Bg5+ Kg8 23. Qxe4 Qxc2 24. Qd5 Qxb2 25. Qe6 Rcf8 26. Rab1 Qxd4 27. Rxb7 e4 28. Be3 Qxa4 29. Rxa7 1-0

[Event "Olympiad Women-40"]
[Site "Istanbul"]
[Date "2012.09.09"]
[Round "11.1"]
[White "Smith, Olivia"]
[Black "Mir Mahmoud, Afamia"]
[Result "1/2-1/2"]
[WhiteElo "2022"]
[BlackElo "1970"]
[PlyCount "111"]
[EventDate "2012.08.28"]
[EventType "team-swiss"]
[EventRounds "11"]
[EventCountry "TUR"]
[SourceTitle "CBM 150 Extra"]
[Source "ChessBase"]
[SourceDate "2012.10.19"]
[SourceVersion "1"]
[SourceVersionDate "2012.10.19"]
[SourceQuality "1"]
[WhiteTeam "Wales (W)"]
[BlackTeam "Syria (W)"]
[WhiteTeamCountry "WLS"]
[BlackTeamCountry "SYR"]

1. e4 c5 2. Nf3 e6 3. g3 Nc6 4. Bg2 d5 5. exd5 exd5 6. d4 Nf6 7. 0-0 h6 8. Re1+ Be6 9. Be3 c4 10. c3 Bd6 11. Nbd2 0-0 12. Nh4 Ne7 13. f4 Qc8 14. Ndf3 Nf5 15. Nxf5 Bxf5 16. Ne5 g6 17. Bf2 b5 18. a3 Rb8 19. Be3 Kg7 20. Bf3 h5 21. Qe2 a5 22. Bd2 Be4 23. Bxe4 Nxe4 24. a4 f6 25. Nf3 b4 26. Rec1 Re8 27. Qg2 Qg4 28. Be1 Rb7 29. h3 Qe6 30. Rc2 Reb8 31. Re2 Qd7 32. Kh2 bxc3 33. Bxc3 Bb4 34. Bxb4 Rxb4 35. Nd2 Rxb2 36. Nxe4 Rxe2 37. Qxe2 dxe4 38. Qxe4 Rb2+ 39. Kg1 Rd2 40. Re1 Qxd4+ 41. Qxd4 Rxd4 42. Re7+ Kf8 43. Rc7 Ke8 44. Kf2 Kd8 45. Rc5 c3 46. Rxc3 Rxa4 47. Rc6 Ke7 48. Ra6 Ra1 49. g4 hxg4 50. hxg4 a4 51. g5 a3 52. gxf6+ Kf7 53. Kg3 a2 54. Kg2 Rb1 55. Rxa2 Kxf6 56. Ra5 1/2-1/2

[Event "Olympiad Women-40"]
[Site "Istanbul"]
[Date "2012.09.05"]
[Round "8.1"]
[White "Milligan, Helen"]
[Black "Mir Mahmoud, Afamia"]
[Result "1-0"]
[WhiteElo "1987"]
[BlackElo "1970"]
[PlyCount "95"]
[EventDate "2012.08.28"]
[EventType "team-swiss"]
[EventRounds "11"]
[EventCountry "TUR"]
[SourceTitle "CBM 150 Extra"]
[Source "ChessBase"]
[SourceDate "2012.10.19"]
[SourceVersion "1"]
[SourceVersionDate "2012.10.19"]
[SourceQuality "1"]
[WhiteTeam "New Zealand (W)"]
[BlackTeam "Syria (W)"]
[WhiteTeamCountry "NZL"]
[BlackTeamCountry "SYR"]

1. e4 c5 2. Nf3 e6 3. d4 cxd4 4. Nxd4 Nc6 5. Nc3 Nf6 6. Be3 Qc7 7. Bd3 a6 8. 0-0 Ne5 9. h3 Bc5 10. Kh1 b5 11. f4 Ng6 12. Qf3 Bb7 13. a3 h5 14. Qf2 d6 15. Rae1 Rc8 16. e5 dxe5 17. Nxe6 fxe6 18. Bxg6+ Ke7 19. Bxc5+ Qxc5 20. Qxc5+ Rxc5 21. fxe5 Nd7 22. Rf7+ Kd8 23. Rd1 Bc8 24. Rxg7 Rxe5 25. Ne4 Rd5 26. Rxd5 exd5 27. Nd6 Ne5 28. Nxc8 Kxc8 29. Bf5+ Kd8 30. Ra7 Rh6 31. b3 h4 32. Rh7 Rxh7 33. Bxh7 Ke7 34. g3 hxg3 35. Kg2 a5 36. Kxg3 Kf6 37. Kf4 Nc6 38. Bd3 Nd4 39. h4 a4 40. bxa4 bxa4 41. h5 Ne6+ 42. Kg4 d4 43. h6 Nc7 44. h7 Kg7 45. Kf4 Nd5+ 46. Ke5 Nc3 47. Kxd4 Nb1 48. c4 1-0

[Event "Olympiad Women-40"]
[Site "Istanbul"]
[Date "2012.08.30"]
[Round "3.1"]
[White "Mir Mahmoud, Afamia"]
[Black "Al Rufaye, Iman Hasan Mohammed"]
[Result "0-1"]
[WhiteElo "1970"]
[BlackElo "2171"]
[PlyCount "48"]
[EventDate "2012.08.28"]
[EventType "team-swiss"]
[EventRounds "11"]
[EventCountry "TUR"]
[SourceTitle "CBM 150 Extra"]
[Source "ChessBase"]
[SourceDate "2012.10.19"]
[SourceVersion "1"]
[SourceVersionDate "2012.10.19"]
[SourceQuality "1"]
[WhiteTeam "Syria (W)"]
[BlackTeam "Iraq (W)"]
[WhiteTeamCountry "SYR"]
[BlackTeamCountry "IRQ"]

1. d4 d5 2. Nf3 Nf6 3. c4 e6 4. Nc3 Be7 5. Bg5 0-0 6. e3 Nbd7 7. Rc1 h6 8. Bh4 dxc4 9. Bxc4 a6 10. 0-0 b5 11. Bd3 Bb7 12. Qe2 c5 13. Rfd1 cxd4 14. Nxd4 Qb6 15. Bb1 Rac8 16. e4 Bc5 17. Nb3 e5 18. Nxc5 Nxc5 19. b4 Ncd7 20. a3 Rc4 21. Ba2 Rd4 22. Nd5 Nxd5 23. Rxd4 Qxd4 24. Rd1 Nc3 0-1

[Event "Asia-chT (Women) 16th"]
[Site "Guangzhou"]
[Date "2010.11.20"]
[Round "3"]
[White "Al Khelaifi, Aisha"]
[Black "Mir Mahmoud, Afamia"]
[Result "0-1"]
[WhiteElo "1640"]
[BlackElo "2010"]
[PlyCount "116"]
[EventDate "2010.11.18"]
[EventType "team-swiss"]
[EventRounds "9"]
[EventCountry "CHN"]
[SourceTitle "CBM 139 Extra"]
[Source "ChessBase"]
[SourceDate "2011.01.05"]
[SourceVersion "1"]
[SourceVersionDate "2011.01.05"]
[SourceQuality "1"]
[WhiteTeam "Qatar (W)"]
[BlackTeam "Syria (W)"]
[WhiteTeamCountry "QAT"]
[BlackTeamCountry "SYR"]

1. e4 c5 2. Nf3 e6 3. c3 Nf6 4. e5 Nd5 5. d4 cxd4 6. cxd4 Nc6 7. Nc3 d6 8. Nxd5 exd5 9. Bd3 Be7 10. h3 0-0 11. 0-0 Qb6 12. exd6 Bf6 13. Rb1 Nxd4 14. Nxd4 Bxd4 15. Qh5 f5 16. Bf4 Bc5 17. Qf3 Be6 18. Rfe1 Bf7 19. Qg3 Rad8 20. Bxf5 Bxd6 21. Bxd6 Rxd6 22. b3 Rf6 23. Bg4 Bg6 24. Rb2 d4 25. Rd2 Qb4 26. Red1 d3 27. Qe3 Qb6 28. Qxb6 Rxb6 29. Bf3 Rd8 30. Re1 Rb4 31. Re7 Rc8 32. Re1 b6 33. Bd5+ Kf8 34. Bc4 b5 35. Bxd3 Rd4 36. Bf5 Rxd2 37. Bxc8 Rxa2 38. Bd7 a6 39. Be6 Bf7 40. g3 Bxe6 41. Rxe6 Kf7 42. Re3 a5 43. Kg2 Ra3 44. Kf1 a4 45. Ke1 Ra2 46. Kf1 Ra3 47. Ke1 Rxb3 48. Rxb3 axb3 49. Kd2 Ke6 50. Kc3 Ke5 51. Kxb3 Ke4 52. h4 Kf3 53. h5 Kxf2 54. g4 Kg3 55. h6 gxh6 56. Kb4 Kxg4 57. Kxb5 h5 58. Kc4 h4 0-1

[Event "Arab-ch (Women)"]
[Site "Abu Dhabi"]
[Date "2008.12.23"]
[Round "8"]
[White "Mir Mahmoud, Afamia"]
[Black "Basil, Ziana"]
[Result "1-0"]
[WhiteElo "2024"]
[BlackElo "1801"]
[PlyCount "103"]
[EventDate "2008.12.16"]
[EventType "swiss"]
[EventRounds "9"]
[EventCountry "UAE"]
[SourceTitle "EXT 2010"]
[Source "ChessBase"]
[SourceDate "2010.11.25"]
[SourceVersion "1"]
[SourceVersionDate "2010.11.25"]
[SourceQuality "1"]

1. d4 d5 2. c4 e6 3. Nc3 Nf6 4. cxd5 exd5 5. Bg5 Be7 6. Qc2 c6 7. e3 Nbd7 8. Bd3 0-0 9. Nge2 Re8 10. h3 Ne4 11. Bxe4 dxe4 12. Bxe7 Qxe7 13. g4 b6 14. Ng3 Bb7 15. 0-0-0 Nf6 16. g5 Nd5 17. Ngxe4 Nb4 18. Qd2 c5 19. f3 Bxe4 20. fxe4 Qxg5 21. Rhg1 Qe7 22. a3 Nc6 23. Nd5 Qd6 24. Qg2 g6 25. e5 Nxe5 26. dxe5 Qxe5 27. Qg5 Kg7 28. Qxe5+ Rxe5 29. Rg3 Rd8 30. Nc3 Rde8 31. e4 a6 32. Rd5 b5 33. b4 c4 34. Kd2 h6 35. Rxe5 Rxe5 36. Ke3 f6 37. Kd4 g5 38. Rf3 Kf7 39. Nd5 Re6 40. e5 Kg7 41. Nxf6 Re7 42. Nd5 Re6 43. Ke4 Kg6 44. Rf8 Kg7 45. Rd8 Rc6 46. Nc3 h5 47. Kf5 g4 48. hxg4 h4 49. g5 h3 50. Rd2 Rc8 51. Rh2 Rh8 52. Kg4 1-0

[Event "Arab-ch (Women)"]
[Site "Abu Dhabi"]
[Date "2008.12.21"]
[Round "6"]
[White "Mezioud, Amina"]
[Black "Mir Mahmoud, Afamia"]
[Result "0-1"]
[WhiteElo "2028"]
[BlackElo "2024"]
[PlyCount "63"]
[EventDate "2008.12.16"]
[EventType "swiss"]
[EventRounds "9"]
[EventCountry "UAE"]
[SourceTitle "EXT 2010"]
[Source "ChessBase"]
[SourceDate "2010.11.25"]
[SourceVersion "1"]
[SourceVersionDate "2010.11.25"]
[SourceQuality "1"]

1. e4 c5 2. Nf3 e6 3. d4 cxd4 4. Nxd4 Nc6 5. Nc3 Qc7 6. Be2 Nf6 7. 0-0 a6 8. a4 Bb4 9. Qd3 0-0 10. Nxc6 bxc6 11. Bg5 Be7 12. Qe3 d5 13. e5 Ne8 14. Bf4 c5 15. Qg3 Bb7 16. Bf3 Bc6 17. Rfe1 Qb7 18. b3 g6 19. Qh3 Ng7 20. Bh6 Qb4 21. Bg4 Rfe8 22. Rad1 Rad8 23. Ne2 d4 24. Nf4 c4 25. bxc4 Bxa4 26. Bxg7 Kxg7 27. Bxe6 fxe6 28. Nxe6+ Kh8 29. Nxd8 Bxd8 30. Qd3 Bb6 31. Ra1 Bd7 32. Rxa6 0-1

[Event "Arab-ch (Women)"]
[Site "Abu Dhabi"]
[Date "2008.12.19"]
[Round "4"]
[White "Mona, Khaled"]
[Black "Mir Mahmoud, Afamia"]
[Result "1-0"]
[WhiteElo "1967"]
[BlackElo "2024"]
[PlyCount "99"]
[EventDate "2008.12.16"]
[EventType "swiss"]
[EventRounds "9"]
[EventCountry "UAE"]
[SourceTitle "EXT 2010"]
[Source "ChessBase"]
[SourceDate "2010.11.25"]
[SourceVersion "1"]
[SourceVersionDate "2010.11.25"]
[SourceQuality "1"]

1. d4 d5 2. Nc3 Bf5 3. Bg5 Nf6 4. e3 e6 5. Bd3 Bxd3 6. Qxd3 c6 7. Nf3 Nbd7 8. Ne5 Qc7 9. f4 Bd6 10. 0-0 a6 11. e4 Nxe4 12. Nxe4 dxe4 13. Qxe4 0-0 14. Rf3 f5 15. Qe2 Bxe5 16. fxe5 Qb6 17. c3 c5 18. Rd1 c4 19. Rg3 Rac8 20. Rf1 Rf7 21. Rf4 Nf8 22. Rh4 Qc6 23. Qh5 b5 24. Bf6 Rcc7 25. Bd8 Rb7 26. Ba5 g6 27. Qh6 Rg7 28. Bb4 Rbf7 29. Qg5 Qa8 30. Ba5 Nd7 31. Bd8 Kf8 32. Rgh3 Qb7 33. Ba5 Qc8 34. d5 Nxe5 35. dxe6 Qxe6 36. Qd8+ Qe8 37. Bb4+ Re7 38. Bxe7+ Rxe7 39. Qxe8+ Kxe8 40. Rxh7 Nf7 41. Kf2 a5 42. Re3 b4 43. Rxe7+ Kxe7 44. cxb4 axb4 45. Ke3 Ke6 46. Rxf7 Kxf7 47. Kd4 g5 48. Kxc4 f4 49. Kxb4 g4 50. Kc4 1-0

[Event "Asia Classical (Women) 15th"]
[Site "Doha"]
[Date "2006.12.11"]
[Round "6"]
[White "Mir Mahmoud, Afamia"]
[Black "Aketayeva, Dana"]
[Result "0-1"]
[WhiteElo "1961"]
[BlackElo "2312"]
[PlyCount "86"]
[EventDate "2006.12.06"]
[EventType "swiss"]
[EventRounds "9"]
[EventCountry "QAT"]
[SourceTitle "CBM 115 Extra"]
[Source "ChessBase"]
[SourceDate "2007.01.10"]
[SourceVersion "1"]
[SourceVersionDate "2007.01.10"]
[SourceQuality "1"]

1. d4 g6 2. c4 Bg7 3. Nc3 d6 4. e4 e5 5. d5 a5 6. Be2 Bh6 7. Bxh6 Nxh6 8. Qd2 Ng4 9. h3 Nf6 10. g4 h6 11. f3 Nbd7 12. h4 Nc5 13. Nh3 Bd7 14. Nf2 Qe7 15. Nd3 Nxd3+ 16. Bxd3 Bc8 17. 0-0-0 Nd7 18. Nb5 Nc5 19. Bc2 b6 20. Rdf1 Ba6 21. a4 Bxb5 22. cxb5 0-0-0 23. b4 axb4 24. Qxb4 Kb7 25. Kb2 Ra8 26. Ra1 Ra5 27. Ra3 Rha8 28. h5 Qg5 29. Qc3 Kb8 30. hxg6 fxg6 31. Qe3 Qxe3 32. Rxe3 Nxa4+ 33. Bxa4 Rxa4 34. Rb3 Ra2+ 35. Kc3 Rf2 36. Rxh6 Rxf3+ 37. Kb2 Rf2+ 38. Kc3 Ra4 39. Rxg6 Rxe4 40. Rg8+ Kb7 41. Kd3 Ref4 42. Rb1 R4f3+ 43. Kc4 Rd2 0-1

[Event "Asia Classical (Women) 15th"]
[Site "Doha"]
[Date "2006.12.08"]
[Round "3"]
[White "Geldyeva, Mekhri"]
[Black "Mir Mahmoud, Afamia"]
[Result "0-1"]
[WhiteElo "2273"]
[BlackElo "1961"]
[PlyCount "110"]
[EventDate "2006.12.06"]
[EventType "swiss"]
[EventRounds "9"]
[EventCountry "QAT"]
[SourceTitle "CBM 115 Extra"]
[Source "ChessBase"]
[SourceDate "2007.01.10"]
[SourceVersion "1"]
[SourceVersionDate "2007.01.10"]
[SourceQuality "1"]

1. d4 d5 2. c4 c6 3. Nc3 Nf6 4. Nf3 dxc4 5. a4 Bf5 6. Ne5 e6 7. e3 Bb4 8. Bxc4 Nbd7 9. Nf3 0-0 10. 0-0 Qc7 11. Qb3 Bd6 12. h3 Nb6 13. Be2 h6 14. Bd2 Rad8 15. Rfc1 Qb8 16. Be1 Rfe8 17. a5 Nbd7 18. Bc4 Re7 19. Ne2 e5 20. dxe5 Nxe5 21. Nxe5 Bxe5 22. Bb4 Red7 23. Bc5 Ne4 24. Bb4 c5 25. Be1 Qd6 26. Bb5 Rc7 27. Rd1 Qf6 28. Rxd8+ Qxd8 29. Rd1 Qf6 30. Nc3 Nxc3 31. Bxc3 Bxc3 32. bxc3 Qg5 33. Qd5 Be6 34. Qd6 Qe7 35. Qd3 c4 36. Qd8+ Qxd8 37. Rxd8+ Kh7 38. e4 Rc5 39. Bd7 Rxa5 40. f4 b5 41. Bxe6 fxe6 42. Rd6 Ra3 43. Rxe6 Rxc3 44. Ra6 b4 45. Rxa7 b3 46. Rb7 Rc2 47. f5 b2 48. Kh2 Kg8 49. e5 Re2 50. e6 c3 51. Rb8+ Kh7 52. Rb7 Kg8 53. Rb8+ Kh7 54. Rb7 Re1 55. f6 Rxe6 0-1